MARC

LEADER 00000nas a2200000 a 4500
001 ssj0059300
003 WaSeSS
005 20200512172242.0
006 m d
007 cr n
008 870929c19839999ck fr p s 0 0spa c
010 |a sn 88024302  
016 7 |a 1011167-0  |2 DE-600 
016 7 |a 009825193  |2 Uk 
016 7 |a 015442837  |2 de-101 
016 7 |a 10111670  |2 de-600 
016 7 |a 015442837  |2 DE-101 
022 |l 0120-9965  |y 0120-9965 
035 |a (WaSeSS)ssj0059300 
040 |a LHL  |b eng  |c LHL  |d AGL  |d NST  |d AGL  |d IXA  |d NST  |d COO  |d NST  |d AGL  |d NST  |d OCLCQ  |d DEBBG  |d UKMGB  |d GBVCP  |d OCLCF  |d CUS  |d OCLCO  |d OCLCA  |d DEHBZ  |d OCLCO  |d OCLCA  |d RDF  |d TOH  |d UX1  |d OCLCA  |d WaSeSS 
042 |a pcc 
050 4 |a S475.C7  |b A47 
070 0 |a SB87  |b .C7A4 
072 0 |a A000 
072 0 |a F110 
072 0 |a F120 
210 0 |a Agron. colomb. 
222 0 |a Agronomía colombiana 
242 0 0 |a Colombian agronomy  |y eng 
245 0 0 |a Agronomía colombiana  |h [electronic resource]. 
260 |a Bogotá :  |b Universidad Nacional de Colombia, Facultad de Agronomía,  |c [1983- 
310 |a Semiannual 
362 0 |a Vol. 1, no. 1 (agosto-dic. de 1983)- 
506 |a License restrictions may limit access. 
515 |a Some issues published in combined form. 
650 0 |a Agriculture  |z Colombia  |v Periodicals. 
650 0 |a Agriculture  |v Periodicals. 
650 0 |a Plants  |z Colombia  |v Periodicals. 
650 0 |a Plants  |v Periodicals. 
650 7 |a Forschung und Entwicklung  |2 gnd 
650 7 |a Landwirtschaft  |2 gnd 
650 7 |a Pflanzenbau  |2 gnd 
650 7 |a Agriculture.  |2 fast  |0 (OCoLC)fst00801355 
650 7 |a Plants.  |2 fast  |0 (OCoLC)fst01065823 
651 7 |a Kolumbien  |2 gnd 
651 7 |a Colombia.  |2 fast  |0 (OCoLC)fst01205916 
655 0 |a Electronic journals. 
710 2 |a Universidad Nacional de Colombia.  |b Facultad de Agronomia. 
850 |a CU  |a CoFS  |a DNAL  |a IaAS  |a MiEM  |a MoKL  |a NIC  |a OrCS  |a TxU 
856 4 0 |z Full text available from Research Library: 07/01/2006 to present  |u https://search.proquest.com/publication/2035748